What year was the social media created? - Statistics

General Stats
  • This quiz has been taken 23 times
  • The average score is 13 of 26
Answer Stats
Hint Answer % Correct
Youtube 2005
78%
WhatsApp 2009
78%
TikTok 2016
78%
Facebook 2004
67%
Twitter 2006
67%
Tumblr 2007
67%
Instagram 2010
67%
Discord 2015
67%
LinkedIn 2002
56%
Reddit 2005
56%
Pinterest 2010
56%
Kakao 2010
56%
Twitch 2011
56%
Snapchat 2011
56%
Messenger 2011
44%
Vlive 2015
44%
Weverse 2019
44%
Skype 2003
33%
WeChat 2011
33%
Google Hangouts 2013
33%
Weibo 2009
22%
Viber 2010
22%
My Drama List 2011
22%
Xiaohongshu 2013
22%
Bigo Live 2016
22%
Messenger Kids 2017
22%
No matching quizzes found
Score Distribution
Percent of People with Each Score
Percentile by Number Answered
Your Score History
You have not taken this quiz